000 00675nam a2200265Ia 4500
003 OSt
005 20221005121606.0
006 a|||||r|||| 00| 0
007 ta
008 221004b |||||||| |||| 00| 0 eng d
024 _a66102
037 _cTextual
040 _aCRL
_cCRL
_beng
041 _2eng
_aeng
082 _aV79:1:N5, J3
100 _aWilgus A. Curtis
_9118757
245 0 _aHistory of Latin America
250 _a4th
260 _c1953
490 _aCollege outline series, 45.
650 _aHISTORY
700 _a D'Eca Raul
_9630831
942 _hV79:1:N5, J3
_cTEXL
_2cc
999 _c1041651
_d1041651